Tunku Abdul Rahman Putra Al-Haj.

Bibliographic Details
Format: Book
Published: Kuala Lumpur: Institut Diplomasi dan Hubungan Luar Negeri, 2008.
Subjects:
LEADER 00918cam a2200265 7i4500
001 0000010631
005 20151104090000.0
005 ##20151104112300.0
003 ##MY-KlINT
020 # # |a 9789832220268  
039 # 9 |y 201511041123  |z VLOAD 
090 0 0 |a PM 959.5051   |b TUN 
245 0 0 |a Tunku Abdul Rahman Putra Al-Haj. 
260 # # |a Kuala Lumpur:   |b Institut Diplomasi dan Hubungan Luar Negeri,   |c 2008. 
300 # # |a v, 56p:   |b ill;   |c 23cm. 
500 # # |a Bibliography 
500 # # |a Koleksi Perdana Menteri 
650 # 0 |a Cabinet officers --   |z Malaysia  
650 # 0 |a Malaysia --   |x Politics and government  
650 # 0 |a Prime ministers --   |z Malaysia  
650 # 0 |a Foreign Ministers --   |z Malaysia  
999 |a 0000064119  |b BOOK  |c Main Non-Fiction  |e INTAN BK 
999 |a 0000064120  |b BOOK  |c Main Non-Fiction  |e INTAN BK 
999 |a 0000066215  |b BOOK  |c Main Non-Fiction  |e INTAN BK 
999 |a 0000520106  |b BOOK  |c Main Non-Fiction  |e INTAN BK